Kontury państw Azjatyckich (Bardzo Trudne +) - Statystyki

Ogólne statystyki
  • Ten quiz został rozwiązany 70 razy
    40 od ostatniego zresetowania
  • Średni wynik to 33 z 72
Statystyki odpowiedzi
Obrazkowy Odpowiedź % Poprawnych
Indie
84%
Turcja
84%
Cypr
80%
Egipt
80%
Rosja
80%
Wietnam
80%
Chiny
76%
Japonia
76%
Nepal
76%
Filipiny
72%
Indonezja
72%
Laos
72%
Mongolia
72%
Oman
72%
Sri Lanka
72%
Izrael
68%
Uzbekistan
68%
Bangladesz
64%
Jemen
64%
Kazachstan
64%
Korea Południowa
64%
Tajlandia
64%
Tajwan
64%
Afganistan
60%
Azerbejdżan
60%
Iran
60%
Jordania
60%
Kirgistan
60%
Malediwy
60%
Mjanma
60%
Pakistan
60%
Arabia Saudyjska
56%
Korea Północna
56%
Tadżykistan
56%
Turkmenistan
56%
Gruzja
52%
Syria
52%
Zjednoczone Emiraty Arabskie
52%
Armenia
48%
Bhutan
48%
Irak
48%
Kambodża
48%
Malezja
48%
Timor Wschodni
48%
Kuwejt
44%
Liban
40%
Bahrajn
36%
Brunei
36%
Cypr Północny
32%
Singapur
32%
Katar
28%
Palestyna
28%
Hokkaido
20%
Hongkong
16%
Wyspa Bożego Narodzenia
16%
Abchazja
12%
Tybetański Region Autonomiczny
12%
Adżaria
8%
Brytyjskie Terytorium Oceanu Indyjskiego
8%
Buriacja
8%
Górski badachszan
8%
Jakucja
8%
Karakałpacja
8%
Makau
8%
Osetia Południowa
8%
Sinciang
8%
Tuwa
8%
Ałtaj
4%
Chakasja
4%
Kurdystan
4%
Okinawa
4%
Wyspy Kokosowe
4%
Nie znaleziono quizów pasujących do podanych kryteriów
Rozkład punktacji
Procent ludzi z każdym wynikiem
Percentyl według liczby udzielonych odpowiedzi
Twoja historia wyników
Nie rozwiązałeś tego quizu od ostatniego zresetowania